Представление документа в формате MARC21

Поле Инд. ПП Название Значение
Тип записи a
Библиографический уровень b
001 Контрольный номер RU/IS/BASE/236266680
005 Дата корректировки 20200629065917.2
040 b Код языка каталог. rus
e Правила каталог. PSBO
041 0_ a Код языка текста rus
084 a Индекс другой классификации/Индекс ББК 60.561.7; 66.3(2Рос),41
100 1_ a Автор Бухарева Т. Ю.
q Полное имя Бухарева Татьяна Юрьевна
245 10 a Заглавие Социальная экспертиза как необходимое условие развития частной благотворительности
504 a Библиография Библиогр. ссылки
650 a Основная рубрика внутренняя политика
a Основная рубрика политика
a Основная рубрика социология
a Основная рубрика социология благотворительности
653 a Ключевые слова бизнес
a Ключевые слова благотворительная деятельность
a Ключевые слова благотворительность
a Ключевые слова благотворительность индивидуальная
a Ключевые слова благотворительность корпоративная
a Ключевые слова благотворительность частная
a Ключевые слова благотворительные проекты
a Ключевые слова государственная поддержка
a Ключевые слова государственный контроль
a Ключевые слова коммерческие организации
a Ключевые слова некоммерческие организации (НКО)
a Ключевые слова Россия
a Ключевые слова социальная политика
a Ключевые слова социальная сфера
a Ключевые слова социальная экспертиза
a Ключевые слова филантропия
773 0_ t Заглавие источника Вестник Московского университета. Серия 18, Социология и политология
d Дата издания источника 2007
g Прочая информация № 1. - С. 21 - 35
w Контрольный № источника RU/IS/BASE/228580253
901 t Тип документа b